00438nam a22001457a 4500003000600000005001700006008004100023040000800064082001300072100001900085245010900104260003100213300002000244650002800264GBCCL20241126110539.0180315b ||||| |||| 00| 0 eng d cgbc a232bSOL aSoltau, George aFour Portraits of the Lord Jesus Christ:bSome suggestions for the study of the Gospels /cGeorge Soltau aNew York:bCharles C. Cook a195 p.;c19 cm. aJesus ChristvPortraits